| 000 | 00933nam0a22002531 4500 | ||
|---|---|---|---|
| 001 | rc\2968838 | ||
| 005 | 20250806211711.0 | ||
| 035 | _a(NLR Aleph) 007115112 | ||
| 090 |
_a68598 _c68598 |
||
| 100 | _a20110906d1943 u y0rusy50 ca | ||
| 101 | 0 | _arus | |
| 102 | _aRU | ||
| 105 | _aa j ||||| | ||
| 200 | 1 |
_aКурс номографии _eДопущено ВКВШ при СНК СССР в качестве учебника для ун-тов и педин-тов _fН.А. Глаголев |
|
| 210 |
_aМосква _aЛенинград _cГостехиздат _d1943 _eМосква |
||
| 215 |
_a151 с. _cчерт. _d26 см |
||
| 700 | 1 |
_aГлаголев _bН.А. _f1888-1945 _gНил Александрович |
|
| 801 | 0 |
_aRU _bNLR _gpsbo |
|
| 801 | 1 |
_aRU _bELAR _2rusmarc |
|
| 852 |
_aNLR _jМт02 Г-7/8 |
||
| 942 | _cBOOK | ||
| 945 | _aРоссийская национальная библиотека | ||
| 980 | _aNB | ||
| 980 | _aBV | ||